Sang Kancil menjadi hakim (Record no. 158604)

MARC details
000 -LEADER
fixed length control field 00762nam a2200277 i 4500
001 - CONTROL NUMBER
control field C2-0212099
003 - CONTROL NUMBER IDENTIFIER
control field PPAK
005 - DATE AND TIME OF LATEST TRANSACTION
control field 20180728103134.0
008 - FIXED-LENGTH DATA ELEMENTS--GENERAL INFORMATION
fixed length control field 990401s1997 my a|||| ||||| | may d
020 ## - INTERNATIONAL STANDARD BOOK NUMBER
International Standard Book Number 9838933031
040 ## - CATALOGING SOURCE
Original cataloging agency PPAK
Language of cataloging eng
Transcribing agency PPAK
Description conventions rda
082 04 - DEWEY DECIMAL CLASSIFICATION NUMBER
Classification number 398.245
Edition number 23
090 00 - LOCALLY ASSIGNED LC-TYPE CALL NUMBER (OCLC); LOCAL CALL NUMBER (RLIN)
Classification number (OCLC) (R) ; Classification number, CALL (RLIN) (NR) 398.245
Feature heading JAA
Feature heading K
100 0# - MAIN ENTRY--PERSONAL NAME
Personal name Jaafar Taib,
Relator term author
245 10 - TITLE STATEMENT
Title Sang Kancil menjadi hakim
264 #1 - PRODUCTION, PUBLICATION, DISTRIBUTION, MANUFACTURE, AND COPYRIGHT NOTICE
Place of production, publication, distribution, manufacture Kuala Lumpur :
Name of producer, publisher, distributor, manufacturer Creative ,
Date of production, publication, distribution, manufacture, or copyright notice 1997
300 ## - PHYSICAL DESCRIPTION
Extent 48 pages :
Other physical details colour illustrations ;
Dimensions 30 cm
336 ## - CONTENT TYPE
Source rdacontent
Content type term text
337 ## - MEDIA TYPE
Source rdamedia
Media type term unmediated
338 ## - CARRIER TYPE
Source rdacarrier
Carrier type term volume
490 1# - SERIES STATEMENT
Series statement Siri kancil
500 ## - GENERAL NOTE
General note Jilid 9
650 10 - SUBJECT ADDED ENTRY--TOPICAL TERM
Topical term or geographic name entry element Folk literature, Malay. ; Tales - Malaysia.
830 #0 - SERIES ADDED ENTRY--UNIFORM TITLE
Uniform title Siri kancil
942 ## - ADDED ENTRY ELEMENTS (KOHA)
-- dc
Koha item type Book
Holdings
Withdrawn Not for loan Current library Shelving location Date acquired Total Checkouts Full call number Barcode Date last seen Koha item type Total Renewals Date last checked out
    Perpustakaan Langkawi Pinjaman Kanak-kanak 21/08/2000   K 398.245 JAA A00937659 01/06/2018 Book    
    Perpustakaan Sik Pinjaman Kanak-kanak 29/03/2000 2 K 398.245 JAA A00899722 05/05/2025 Book 1 01/08/2024
    PD18, Kg. Wang Tepus, Jitra Pinjaman Kanak-kanak 16/10/1999   K 398.245 JAA A00291365 01/06/2018 Book    
    PD27, Kg. Bendang Bukit, Pendang Pinjaman Kanak-kanak 26/07/2000   K 398.245 JAA A00927675 01/06/2018 Book    
    PD27, Kg. Bendang Bukit, Pendang Pinjaman Kanak-kanak 26/07/2000   K 398.245 JAA A00927676 01/06/2018 Book